000 00424nam a2200157Ia 4500
008 210716s2002 xx 000 0 und d
020 _a8120321235
041 _aeng
082 _a332.6 HAUR
100 _aHaugen, Robert A.
245 _aModern investment theory.
250 _a5
260 _aNew Delhi
_bPrentice Hall of India PVt Ltd
_c2002
300 _axv,656
650 _aInvestment Analysis & Portfolio Management
999 _c197706
_d197706